[Event "Detroit (MOR/2/62)"]
[Site "?"]
[Date "1994.??.??"]
[Round "?"]
[White "Watts, C."]
[Black "Gaiefsky, S."]
[Result "0-1"]
[WhiteElo "1605"]
[BlackElo "1605"]
[PlyCount "70"]
[EventDate "1994.??.??"]

{2/(62)} 1. e4 g6 2. Bc4 Bg7 3. Nc3 d6 4. Qf3 Nf6 5. h3 Nc6 6. Nge2 Ne5 7.
Bxf7+ Nxf7 8. Nd5 Ne5 9. Nxf6+ exf6 10. Qb3 a5 11. d4 Nc6 12. O-O Bd7 13. Be3
a4 14. Qc4 Na5 15. Qd3 O-O 16. d5 f5 17. c3 fxe4 18. Qxe4 Bf5 19. Qxa4 b6 20.
Nd4 Nb7 21. Qc6 Na5 22. Qb5 Bd7 23. Qd3 Qh4 24. Ne6 Bxe6 25. dxe6 Rae8 26. Qd5
Rf5 27. g3 Qxh3 28. Qh1 Qg4 29. Qh4 Qf3 30. g4 Rxe6 31. Bd4 Re4 32. Qh3 Qxh3
33. f3 Qg3+ 34. Kh1 Re2 35. Rg1 Qh2# 0-1

[Event "Detroit (MOR/3/10)"]
[Site "?"]
[Date "1994.??.??"]
[Round "?"]
[White "Waters, G."]
[Black "West, Tony"]
[Result "1-0"]
[WhiteElo "1705"]
[BlackElo "1605"]
[PlyCount "65"]
[EventDate "1994.??.??"]

{3/(10)} 1. d4 Nf6 2. c4 g6 3. Nc3 d5 4. cxd5 Nxd5 5. e4 Nxc3 6. bxc3 Bg7 7.
Bc4 O-O 8. Ne2 c5 9. Be3 Nc6 10. Rc1 Qc7 11. Qd2 Rd8 12. h4 h5 13. f4 Na5 14.
Bd3 Bg4 15. e5 c4 16. Be4 Qd7 17. Qc2 Bf5 18. Bxf5 Qxf5 19. Qxf5 gxf5 20. Ng3
e6 21. Nxh5 Rab8 22. Rg1 Kh7 23. g4 Rg8 24. gxf5 exf5 25. Nxg7 Rxg7 26. Rxg7+
Kxg7 27. d5 Rh8 28. Bf2 Kf8 29. Ke2 Ke7 30. Rg1 b6 31. Rg5 Nb7 32. Rxf5 Rf8 33.
d6+ 1-0

[Event "Detroit (MOR/1b/9)"]
[Site "?"]
[Date "1994.??.??"]
[Round "?"]
[White "Waters, G."]
[Black "Simmons, P."]
[Result "1-0"]
[WhiteElo "1705"]
[BlackElo "1605"]
[PlyCount "53"]
[EventDate "1994.??.??"]

1. d4 d5 2. Nf3 e6 3. c3 Nf6 4. Bg5 c5 5. e3 cxd4 6. exd4 h6 7. Bh4 Nc6 8. Nbd2
Be7 9. Bd3 b6 10. Ne5 Qc7 11. Ndf3 a5 12. a4 Ba6 13. Bb5 Bxb5 14. axb5 Na7 15.
Qe2 O-O 16. Bxf6 Bxf6 17. g4 Be7 18. h4 f6 19. Ng6 Rfe8 20. g5 Kf7 21. gxf6
Kxg6 22. Ne5+ Kh7 23. Qd3+ Kg8 24. f7+ Kh8 25. Ng6+ Kh7 26. Nxe7+ g6 27. Qxg6+
1-0

[Event "Detroit (MOR/5/3)"]
[Site "?"]
[Date "1994.??.??"]
[Round "?"]
[White "Waters, G."]
[Black "Raupp, Kenneth A"]
[Result "1-0"]
[WhiteElo "1705"]
[BlackElo "1605"]
[PlyCount "73"]
[EventDate "1994.??.??"]

{5/(3)} 1. d4 e6 2. c4 f5 3. Nc3 d5 4. g3 Nf6 5. Bg2 c6 6. Nf3 Bd6 7. Bf4 Bxf4
8. gxf4 Nbd7 9. e3 O-O 10. Qc2 Nb6 11. cxd5 cxd5 12. Ne5 Bd7 13. O-O Qe8 14.
Qe2 Ne4 15. Bxe4 fxe4 16. Kh1 Rf5 17. Rg1 Qe7 18. Rg2 Kh8 19. Rag1 Rg8 20. Rg3
Qh4 21. Qf1 Be8 22. Qg2 Qe7 23. Rh3 Rh5 24. Rxh5 Bxh5 25. Qh3 Qe8 26. Rg5 Bf7
27. Nb5 Qe7 28. Nd6 Be8 29. Nxe8 Qxe8 30. Ng6+ Qxg6 31. Rxg6 Nc4 32. Rxe6 Nxb2
33. Qh5 Nd3 34. Re8 Nxf2+ 35. Kg2 Ng4 36. Rxg8+ Kxg8 37. Qe8# 1-0

[Event "Detroit (MOR/6/1)"]
[Site "?"]
[Date "1994.??.??"]
[Round "?"]
[White "Waters, G."]
[Black "Neshewat, Michael"]
[Result "0-1"]
[WhiteElo "1705"]
[BlackElo "1790"]
[PlyCount "69"]
[EventDate "1994.??.??"]

{6/(1)} 1. d4 e6 2. c4 d5 3. Nc3 c6 4. Nf3 dxc4 5. e4 b5 6. Bf4 Bb7 7. Qc2 Bd6
8. Bxd6 Qxd6 9. Be2 Ne7 10. Rd1 a6 11. O-O O-O 12. Ng5 Qf4 13. Nh3 Qf6 14. f4
Nd7 15. Bf3 Qg6 16. f5 exf5 17. exf5 Qd6 18. Ne4 Qh6 19. Nc5 Nxc5 20. dxc5 Qe3+
21. Kh1 Qxc5 22. f6 Nf5 23. Ng5 Ng3+ 24. hxg3 Qxg5 25. Be4 g6 26. Rd6 Qh5+ 27.
Kg1 Qc5+ 28. Rf2 Qxd6 29. Qc1 Rfd8 30. Qh6 Qf8 31. Qh3 Rd1+ 32. Kh2 h5 33. Rf4
Qh6 34. Bf3 Bc8 35. Qh4 $138 0-1

[Event "Romulus (RVO/1/11)"]
[Site "?"]
[Date "1994.??.??"]
[Round "?"]
[White "Watassek, F."]
[Black "Vandivier, Don"]
[Result "0-1"]
[WhiteElo "1605"]
[BlackElo "1985"]
[PlyCount "62"]
[EventDate "1994.??.??"]

{1/(11)} 1. e4 c5 2. Nf3 d6 3. d4 cxd4 4. Nxd4 Nf6 5. Nc3 a6 6. Be3 Qc7 7. Bd3
Nc6 8. h3 e6 9. a3 b5 10. O-O Be7 11. Nf3 O-O 12. Re1 Bb7 13. Re2 Rfd8 14. Bg5
Na5 15. Na2 Rac8 16. b3 d5 17. e5 Ne4 18. Bxe7 Qxe7 19. b4 Nc4 20. Qc1 Qc7 21.
Bxc4 Qxc4 22. Qe1 d4 23. Rxe4 Bxe4 24. Qxe4 Qxc2 25. Qxc2 Rxc2 26. Nc1 d3 27.
Nb3 Rb2 28. Nbd2 Rc8 29. Kf1 Rcc2 30. Ke1 Ra2 31. Rxa2 Rc1# 0-1

[Event "Detroit (MOR/2/40)"]
[Site "?"]
[Date "1994.??.??"]
[Round "?"]
[White "Watassek, F."]
[Black "Robes, S."]
[Result "1-0"]
[WhiteElo "1605"]
[BlackElo "1700"]
[PlyCount "124"]
[EventDate "1994.??.??"]

{2/(40)} 1. e4 c5 2. Nf3 Nc6 3. Nc3 d6 4. d4 Bg4 5. Be2 Bxf3 6. Bxf3 Nxd4 7.
O-O Nf6 8. Be3 e5 9. Bxd4 cxd4 10. Nd5 Nxd5 11. exd5 g6 12. c3 dxc3 13. bxc3
Rc8 14. Qa4+ Qd7 15. Qxd7+ Kxd7 16. Rac1 Bh6 17. Rc2 Rhe8 18. Re1 Ke7 19. Re4
f5 20. Rh4 Bg7 21. Rxh7 Kf7 22. Be2 Rc5 23. c4 b5 24. g4 bxc4 25. gxf5 gxf5 26.
Bh5+ Kg8 27. Rxg7+ Kxg7 28. Bxe8 Rxd5 29. Rxc4 Rd2 30. Ra4 f4 31. Kg2 Kf6 32.
Bc6 Rc2 33. Be4 Rc7 34. f3 Rg7+ 35. Kh1 Kg5 36. Ra6 Rd7 37. Bd5 e4 38. Bxe4 d5
39. Ra5 Kh4 40. Bxd5 Re7 41. Be4 Rd7 42. Rd5 Re7 43. Kg2 Rb7 44. Kf2 Rb2+ 45.
Ke1 Rxh2 46. Rd2 Rh1+ 47. Ke2 Rh2+ 48. Kd3 Rh1 49. Kc4 Rc1+ 50. Kb5 Rc7 51. Ka6
Kg3 52. Bb7 Rc3 53. Kxa7 Ra3+ 54. Kb6 Ra4 55. Be4 Rb4+ 56. Kc5 Ra4 57. Kb5 Ra7
58. a4 Re7 59. a5 Rxe4 60. fxe4 f3 61. Rd3 Kf4 62. Rxf3+ Kxf3 1-0

[Event "Detroit (MOR/7/33)"]
[Site "?"]
[Date "1994.??.??"]
[Round "?"]
[White "Watassek, F."]
[Black "McNeil, Yaking"]
[Result "0-1"]
[WhiteElo "1605"]
[BlackElo "1605"]
[PlyCount "118"]
[EventDate "1994.??.??"]

{7/(33)} 1. e4 c5 2. Nf3 d6 3. Nc3 Nf6 4. d4 cxd4 5. Nxd4 g6 6. Be3 Bg7 7. Be2
O-O 8. O-O Nbd7 9. f4 Nc5 10. Bf3 Rb8 11. b4 Ncd7 12. f5 Nb6 13. fxg6 fxg6 14.
Be2 Qc7 15. Qd3 a6 16. a4 e5 17. Nb3 Be6 18. Nd2 Rbc8 19. Bxb6 Qxb6+ 20. Kh1
Qxb4 21. Nd5 Bxd5 22. exd5 Rc3 23. Rfb1 Rxd3 24. Rxb4 Rxd2 25. Bd3 e4 26. Bxe4
Nxe4 27. Rc1 Rff2 28. Rxe4 Rxg2 29. Rce1 Rxh2+ 30. Kg1 Bd4+ 31. Rxd4 Rxd4 32.
Kxh2 Rxd5 33. Re7 Rd2+ 34. Kg3 Rxc2 35. Rxb7 Rc4 36. Rb6 Rxa4 37. Rxd6 a5 38.
Rd2 Ra1 39. Rd8+ Kg7 40. Rd7+ Kh6 41. Ra7 a4 42. Kh2 a3 43. Kg2 a2 44. Kh2 Rf1
45. Rxa2 g5 46. Kh3 Kh5 47. Rh2 Rf6 48. Rh1 Kg6 49. Kg4 Rf4+ 50. Kg3 h5 51. Rd1
h4+ 52. Kg2 Kf5 53. Kh2 Rb4 54. Kg2 g4 55. Rd8 h3+ 56. Kg3 Rb3+ 57. Kh2 Kg5 58.
Rd4 Rb2+ 59. Kg3 Rg2# 0-1

[Event "Romulus (RVO/5/28)"]
[Site "?"]
[Date "1994.??.??"]
[Round "?"]
[White "Watassek, F."]
[Black "Jackson, K."]
[Result "1-0"]
[WhiteElo "1605"]
[BlackElo "1605"]
[PlyCount "31"]
[EventDate "1994.??.??"]

{5/(28)} 1. e4 d5 2. e5 e6 3. d4 c5 4. c3 Nc6 5. Nf3 cxd4 6. cxd4 Bb4+ 7. Nc3
Nge7 8. Bd3 O-O 9. Bg5 Qb6 10. a3 Bxc3+ 11. bxc3 Nf5 12. g4 Nfxd4 13. cxd4 Nxd4
14. Nxd4 Qxd4 15. Bxh7+ Kxh7 16. Qxd4 {[Remainder illegible; 1-0, 32?]} 1-0

[Event "Detroit (MOR/4/39)"]
[Site "?"]
[Date "1994.??.??"]
[Round "?"]
[White "Watassek, F."]
[Black "Haygood, Norman"]
[Result "1-0"]
[WhiteElo "1605"]
[BlackElo "1605"]
[PlyCount "43"]
[EventDate "1994.??.??"]

{4/(39)} 1. e4 c6 2. Nf3 d5 3. exd5 cxd5 4. d4 Bf5 5. Bd3 Bxd3 6. Qxd3 h6 7.
Nc3 e6 8. O-O Nf6 9. Re1 Be7 10. Qb5+ Qd7 11. Qxd7+ Nbxd7 12. Ne5 O-O 13. Nxd7
Nxd7 14. Nxd5 Bd6 15. Ne3 Nf6 16. c3 Rad8 17. Nc4 Rfe8 18. a4 a5 19. Ne5 Nd5
20. g3 Bb8 21. c4 Nb6 22. b3 {[Remainder illegible; 1-0, 60?]} 1-0

[Event "Detroit (Beg/2/9)"]
[Site "?"]
[Date "1994.??.??"]
[Round "?"]
[White "Ware, C."]
[Black "Stone, Rick"]
[Result "1-0"]
[WhiteElo "1605"]
[BlackElo "1605"]
[PlyCount "39"]
[EventDate "1994.??.??"]

{2/(9)} 1. e4 e5 2. Nf3 Nc6 3. Bc4 Nh6 4. d4 d6 5. dxe5 Qe7 6. Nc3 dxe5 7. Nd5
Qd6 8. O-O Qc5 9. Nxc7+ Ke7 10. Nxa8 Qxc4 11. Re1 Nb4 12. Nxe5 Qb5 13. Qh5 Nxc2
14. Ng6+ hxg6 15. Qxb5 Nxe1 16. Qb4+ Kf6 17. Qxe1 Bc5 18. Qc3+ Ke6 19. Nc7+ Ke7
20. Qxc5+ 1-0

[Event "Detroit (Beg/5/1)"]
[Site "?"]
[Date "1994.??.??"]
[Round "?"]
[White "Ware, C."]
[Black "Khraizat, Ali"]
[Result "0-1"]
[WhiteElo "1605"]
[BlackElo "1605"]
[PlyCount "85"]
[EventDate "1994.??.??"]

{5/(1)} 1. e4 e6 2. d4 d5 3. e5 c5 4. Nf3 c4 5. Nc3 Bd7 6. Be2 b5 7. a3 a6 8.
O-O Ne7 9. Bd2 Nbc6 10. b4 Nf5 11. Be3 Nce7 12. a4 g6 13. Bg5 Bh6 14. Bf6 O-O
15. g4 Bg7 16. Qd2 Nh6 17. Qg5 Re8 18. Bxg7 Kxg7 19. Qf6+ Kg8 20. Qh4 Kg7 21.
Qf6+ Kg8 22. h3 Nc6 23. Qxd8 Rexd8 24. Na2 bxa4 25. c3 a5 26. bxa5 Nxa5 27. Nb4
Nb3 28. Ra3 Kg7 29. Nh2 Rdb8 30. Bd1 Nxd4 31. f4 Nb5 32. Ra2 Nxc3 33. Rg2 Rxb4
34. Bf3 a3 35. f5 a2 36. Kf2 a1=Q 37. Rxa1 Rxa1 38. Kg3 Ne4+ 39. Kh4 exf5 40.
Bxe4 fxe4 41. Rd2 c3 42. Rxd5 Be6 43. Rc5 {[Remainder illegible; 0-1, 59?]} 0-1

[Event "Detroit (MI Op/3/4)"]
[Site "?"]
[Date "1994.??.??"]
[Round "?"]
[White "Ward, Tom"]
[Black "Toma, A."]
[Result "1/2-1/2"]
[WhiteElo "2200"]
[BlackElo "2250"]
[PlyCount "80"]
[EventDate "1994.??.??"]

{3/(4)} 1. e4 e5 2. d4 exd4 3. Nf3 Nc6 4. Bc4 Bc5 5. O-O d6 6. c3 d3 7. Qxd3
Bg4 8. Bb5 Nge7 9. Bg5 O-O 10. Bxc6 bxc6 11. Nd4 f6 12. Be3 Kh8 13. Nd2 Qd7 14.
f3 Bh5 15. Kh1 Rad8 16. Rae1 Bb6 17. f4 d5 18. e5 c5 19. N4f3 Bg6 20. Qe2 d4
21. exf6 dxe3 22. fxe7 Qxe7 23. Ne5 Bf5 24. Ndc4 Qf6 25. Qxe3 Rde8 26. Qf3 Be6
27. Qc6 Bg8 28. Qf3 Rd8 29. Rd1 Rxd1 30. Qxd1 Rd8 31. Qh5 g6 32. Qg5 Kg7 33.
Qxf6+ Kxf6 34. Kg1 c6 35. Kf2 Bc7 36. Re1 Bd5 37. a3 g5 38. g3 gxf4 39. gxf4
Kf5 40. Ne3+ Kxf4 1/2-1/2

[Event "Detroit (MI Op/2/12)"]
[Site "?"]
[Date "1994.??.??"]
[Round "?"]
[White "Ward, Tom"]
[Black "Skidmore, Jennifer"]
[Result "1-0"]
[WhiteElo "2200"]
[BlackElo "1920"]
[PlyCount "59"]
[EventDate "1994.??.??"]

{2/(12)} 1. e4 e5 2. d4 exd4 3. Nf3 d6 4. Nxd4 Nf6 5. Nc3 Nbd7 6. Be3 Nc5 7. f3
Be7 8. Qd2 O-O 9. O-O-O a5 10. g4 c6 11. Rg1 Be6 12. g5 Ne8 13. f4 Bd7 14. f5
f6 15. g6 hxg6 16. Rxg6 b5 17. Qg2 Kf7 18. Be2 Rh8 19. Bf3 Rc8 20. Nce2 Qc7 21.
Nf4 Bf8 22. Bh5 Ke7 23. Rg3 Kd8 24. Bxe8 Kxe8 25. Rxg7 Bxg7 26. Qxg7 Rf8 27.
Ng6 Ne6 28. Nxe6 Bxe6 29. Qxf8+ Kd7 30. Qe7# 1-0

[Event "Detroit (MI Op/6/5)"]
[Site "?"]
[Date "1994.??.??"]
[Round "?"]
[White "Ward, Tom"]
[Black "O'Donnell, Robert"]
[Result "1-0"]
[WhiteElo "2200"]
[BlackElo "2235"]
[PlyCount "65"]
[EventDate "1994.??.??"]

{6/(5)} 1. e4 c5 2. Nf3 d6 3. d4 cxd4 4. Nxd4 Nf6 5. Nc3 Nc6 6. Bc4 e6 7. Be3
Be7 8. Qe2 a6 9. O-O-O Qc7 10. Bb3 Na5 11. g4 b5 12. g5 Nxb3+ 13. axb3 Nd7 14.
Nf5 b4 15. Nd5 exd5 16. exd5 Ne5 17. Nxg7+ Kf8 18. f4 Bg4 19. Qf2 Bxd1 20. Ne6+
fxe6 21. fxe5+ Kg7 22. Rxd1 Rhf8 23. Qg2 dxe5 24. g6 hxg6 25. Rg1 Rf6 26. d6
Bxd6 27. Qxa8 Qa5 28. Bh6+ Kh7 29. Kb1 Qc5 30. Rd1 Kxh6 31. Qh8+ Kg5 32. h4+
Kf5 33. Rf1+ 1-0

[Event "Detroit (MI Op/5/3)"]
[Site "?"]
[Date "1994.??.??"]
[Round "?"]
[White "Ward, Tom"]
[Black "Linn, Peter"]
[Result "1/2-1/2"]
[WhiteElo "2200"]
[BlackElo "2155"]
[PlyCount "54"]
[EventDate "1994.??.??"]

{5/(3)} 1. e4 c5 2. Nf3 Nc6 3. d4 cxd4 4. Nxd4 g6 5. Nc3 Bg7 6. Be3 Nf6 7. Nxc6
bxc6 8. e5 Ng8 9. f4 Nh6 10. Bc4 O-O 11. O-O d6 12. exd6 exd6 13. Bd4 Bxd4+ 14.
Qxd4 Nf5 15. Qf2 Qb6 16. Na4 Qa5 17. b3 Ba6 18. Bxa6 Qxa6 19. Rfe1 Rfe8 20.
Rad1 d5 21. c3 Nd6 22. Nc5 Qb6 23. Nd7 Qxf2+ 24. Kxf2 Rxe1 25. Kxe1 Re8+ 26.
Kf1 Kg7 27. c4 Nf5 1/2-1/2

[Event "Detroit (MEX/2/6)"]
[Site "?"]
[Date "1994.??.??"]
[Round "?"]
[White "Ward, Tom"]
[Black "Kitts, Gary"]
[Result "1-0"]
[WhiteElo "2200"]
[BlackElo "2060"]
[PlyCount "53"]
[EventDate "1994.??.??"]

{2/(6)} 1. e4 e6 2. d4 d5 3. Nc3 Nf6 4. Bg5 Be7 5. e5 Nfd7 6. h4 Bxg5 7. hxg5
Qxg5 8. Nh3 Qe7 9. Qg4 g6 10. O-O-O a6 11. f4 c5 12. dxc5 Nxc5 13. Nxd5 h5 14.
Nxe7 hxg4 15. Nxc8 gxh3 16. Rxh3 Rxh3 17. gxh3 Nc6 18. Nd6+ Ke7 19. Bg2 Nb4 20.
a3 Nd5 21. Rd4 Ne3 22. Bxb7 Rh8 23. Nc8+ Kf8 24. Rd8+ Kg7 25. Rxh8 Kxh8 26. Bf3
Kg7 27. Nb6 1-0

[Event "Detroit (Class A/2/10)"]
[Site "?"]
[Date "1994.??.??"]
[Round "?"]
[White "Ward, Tim"]
[Black "Walker, Douglas"]
[Result "1-0"]
[WhiteElo "1900"]
[BlackElo "1955"]
[PlyCount "97"]
[EventDate "1994.??.??"]

{2/(10)} 1. d4 Nf6 2. c4 e6 3. Nc3 Bb4 4. f3 d5 5. Nh3 O-O 6. a3 Bxc3+ 7. bxc3
h6 8. e3 Nbd7 9. cxd5 exd5 10. Bd3 Re8 11. O-O Nf8 12. Nf2 Ne6 13. e4 c6 14.
Be3 Nh7 15. e5 Qh4 16. g3 Qh5 17. Ng4 Neg5 18. h4 Nxf3+ 19. Qxf3 Bxg4 20. Bxh7+
Kxh7 21. Qxf7 b6 22. Qb7 Bf3 23. Rf2 Rf8 24. Raf1 Qg4 25. Kh2 Rae8 26. Qxa7 Rf5
27. Qd7 Rh5 28. Qxg4 Bxg4 29. Rf7 Kg8 30. Rc7 Rc8 31. Rff7 Rxc7 32. Rxc7 c5 33.
Rb7 Rf5 34. Rxb6 Rf3 35. Bf4 cxd4 36. cxd4 Rxa3 37. e6 Ra2+ 38. Kg1 Ra8 39. Be5
Bf5 40. Rb7 Re8 41. Rxg7+ Kf8 42. Rf7+ Kg8 43. Rxf5 Rxe6 44. Rf6 Rxf6 45. Bxf6
Kf7 46. Be5 h5 47. Kf2 Kg6 48. Ke3 Kf5 49. Kf3 1-0

[Event "Detroit (MI Op/3/22)"]
[Site "?"]
[Date "1994.??.??"]
[Round "?"]
[White "Ward, Tim"]
[Black "Townsend, E."]
[Result "1-0"]
[WhiteElo "1865"]
[BlackElo "2045"]
[PlyCount "73"]
[EventDate "1994.??.??"]

{3/(22)} 1. d4 Nf6 2. c4 g6 3. Nc3 Bg7 4. e4 d6 5. f3 O-O 6. Be3 Nc6 7. Qd2 e6
8. Bd3 e5 9. Nge2 Nh5 10. d5 Nd4 11. Bb1 Qh4+ 12. Bf2 Qf6 13. Nxd4 exd4 14. Ne2
c5 15. dxc6 bxc6 16. Bxd4 Qh4+ 17. Bf2 Qe7 18. O-O Rb8 19. Bd4 Nf6 20. Bd3 Rd8
21. Rfe1 a5 22. Qxa5 c5 23. Be3 d5 24. Bxc5 Qd7 25. exd5 Bb7 26. Nc3 Bxd5 27.
cxd5 Nxd5 28. Nxd5 Qxd5 29. Be4 Bd4+ 30. Kh1 Qxc5 31. Qxc5 Bxc5 32. b3 f5 33.
Bc6 Rd2 34. Rab1 Rxa2 35. b4 Rd2 36. bxc5 Rc8 37. Re8+ 1-0

[Event "Detroit (Class A/4/12)"]
[Site "?"]
[Date "1994.??.??"]
[Round "?"]
[White "Ward, Tim"]
[Black "Marshall, Larry"]
[Result "0-1"]
[WhiteElo "1900"]
[BlackElo "1940"]
[PlyCount "76"]
[EventDate "1994.??.??"]

{4/(12)} 1. d4 d5 2. c4 e6 3. Nc3 Nf6 4. cxd5 exd5 5. Bg5 Be7 6. e3 O-O 7. Bd3
c6 8. Qc2 Nbd7 9. Nge2 Re8 10. O-O Nf8 11. Ng3 h6 12. Bxf6 Bxf6 13. b4 Bd7 14.
a4 Rc8 15. Nf5 Bxf5 16. Bxf5 Rc7 17. Rfc1 g6 18. Bd3 Kg7 19. Qa2 Qd6 20. b5
Rec8 21. Rc2 Ne6 22. bxc6 bxc6 23. Rb1 Be7 24. Rb3 f5 25. Rcb2 Qd8 26. Ba6 Ra8
27. Bb7 Rb8 28. a5 Bd6 29. a6 Qh4 30. g3 Qh3 31. f4 Re8 32. Rb1 Bxf4 33. exf4
Nxd4 34. Qg2 Qxg2+ 35. Kxg2 Nxb3 36. Rxb3 Re3 37. Kf2 d4 38. Ra3 Rxc3 0-1

[Event "Detroit (MI Op/7/25)"]
[Site "?"]
[Date "1994.??.??"]
[Round "?"]
[White "Ward, Tim"]
[Black "Kulbacki, James"]
[Result "1/2-1/2"]
[WhiteElo "1860"]
[BlackElo "2005"]
[PlyCount "97"]
[EventDate "1994.??.??"]

{7/(25)} 1. d4 Nf6 2. c4 c5 3. d5 b5 4. cxb5 a6 5. f3 Qa5+ 6. Bd2 Qxb5 7. e4
Qb6 8. Nc3 d6 9. Bc4 g6 10. Nge2 Bg7 11. Rb1 O-O 12. O-O a5 13. Be3 Ba6 14. b3
Nbd7 15. h3 Qc7 16. f4 Rfb8 17. g4 Bxc4 18. bxc4 Rxb1 19. Qxb1 Rb8 20. Nb5 Qd8
21. a4 Ne8 22. Qc2 Nc7 23. Nec3 Na6 24. Na7 Nb4 25. Qc1 Nb6 26. Ncb5 Qd7 27. e5
h5 28. f5 hxg4 29. fxg6 f5 30. e6 Qe8 31. Rxf5 Qxg6 32. Rg5 Qc2 33. Qa1 Qh7 34.
hxg4 Nc2 35. Rxg7+ Qxg7 36. Qxg7+ Kxg7 37. Bg5 Nd4 38. Bxe7 Nxc4 39. Bxd6 Nxd6
40. Nxd6 Nxe6 41. dxe6 Kf6 42. Ne4+ Kxe6 43. Nxc5+ Kd5 44. Nd3 Ke4 45. Nc5+ Kf4
46. Nb5 Rg8 47. Kf2 Kxg4 48. Ke3 Rd8 49. Nb3 1/2-1/2

[Event "Eastpointe (EDO/4/12)"]
[Site "?"]
[Date "1994.??.??"]
[Round "?"]
[White "Ward, Tim"]
[Black "Jointer, William"]
[Result "1-0"]
[WhiteElo "1890"]
[BlackElo "1700"]
[PlyCount "71"]
[EventDate "1994.??.??"]

{4/(12)} 1. d4 Nf6 2. c4 e6 3. Nc3 Bb4 4. f3 b6 5. Bg5 h6 6. Bh4 c5 7. d5 exd5
8. cxd5 Ba6 9. e4 Bxf1 10. Kxf1 g5 11. Bg3 O-O 12. Nge2 d6 13. a3 Ba5 14. h4
Nh5 15. hxg5 Nxg3+ 16. Nxg3 Qxg5 17. Nf5 h5 18. Nxd6 Nd7 19. Nf5 Nf6 20. Rh3
Qf4 21. g3 Qg5 22. f4 Qg4 23. Nh6+ Kg7 24. Nxg4 Nxg4 25. Qe2 Rh8 26. Kg2 a6 27.
Rah1 Rh6 28. Rxh5 Rg6 29. f5 Nf6 30. fxg6 fxg6 31. Rh6 Re8 32. e5 Bxc3 33. bxc3
Nxd5 34. Rh7+ Kg8 35. Rh8+ Kf7 36. R1h7+ 1-0

[Event "Romulus (RVO/4/8)"]
[Site "?"]
[Date "1994.??.??"]
[Round "?"]
[White "Ward, Tim"]
[Black "Fuller, William"]
[Result "1-0"]
[WhiteElo "1870"]
[BlackElo "2095"]
[PlyCount "83"]
[EventDate "1994.??.??"]

{4/(8)} 1. d4 d5 2. c4 e6 3. Nc3 Be7 4. cxd5 exd5 5. Qc2 Nc6 6. Nf3 Bg4 7. e3
Nf6 8. a3 O-O 9. Bd3 Re8 10. Ne5 Bh5 11. h3 Bf8 12. Nxc6 bxc6 13. O-O c5 14.
dxc5 Bxc5 15. b4 Bd6 16. Bb2 c6 17. Na4 Rc8 18. Nc5 Qe7 19. Rac1 Bg6 20. Rfd1
Bxc5 21. Bxf6 Qxf6 22. Qxc5 Bxd3 23. Rxd3 Qb2 24. Rdc3 a6 25. Qb6 a5 26. bxa5
Qd2 27. R3c2 Qd3 28. Rxc6 Ra8 29. a6 Qxa3 30. Qb7 g6 31. Rc8 Kg7 32. Rxa8 Qxc1+
33. Kh2 Re5 34. Rb8 d4 35. a7 dxe3 36. a8=Q e2 37. Rg8+ Kh6 38. Qf8+ Kg5 39.
h4+ Kxh4 40. Qbxf7 Qg5 41. Qxh7+ Qh5 42. Qf4# 1-0

[Event "Detroit (MI Op/4/16)"]
[Site "?"]
[Date "1994.??.??"]
[Round "?"]
[White "Ward, Tim"]
[Black "Finegold, Gina"]
[Result "1/2-1/2"]
[WhiteElo "1860"]
[BlackElo "2090"]
[PlyCount "74"]
[EventDate "1994.??.??"]

{4/(16)} 1. d4 d5 2. c4 c6 3. cxd5 cxd5 4. Nc3 Nf6 5. Bf4 a6 6. e3 g6 7. Bd3
Bg7 8. Nge2 O-O 9. O-O Nc6 10. a3 Bf5 11. Bxf5 gxf5 12. Ng3 e6 13. Nh5 Nxh5 14.
Qxh5 Qf6 15. Rac1 Qg6 16. Qxg6 hxg6 17. b4 Bf6 18. Bc7 Rac8 19. Bb6 Kg7 20. Na4
Nb8 21. Nc5 Rc6 22. Ba7 Rfc8 23. Bxb8 Rxb8 24. Nd3 Rbc8 25. Rxc6 Rxc6 26. Rc1
Rc4 27. Kf1 b6 28. Ke1 g5 29. g3 Rxc1+ 30. Nxc1 f4 31. Ke2 Kg6 32. g4 fxe3 33.
fxe3 Be7 34. Nd3 f6 35. h3 Bd6 36. a4 e5 37. b5 a5 1/2-1/2

[Event "Eastpointe (EDO/2/3)"]
[Site "?"]
[Date "1994.??.??"]
[Round "?"]
[White "Ward, Tim"]
[Black "Dowling, Jo"]
[Result "0-1"]
[WhiteElo "1890"]
[BlackElo "2195"]
[PlyCount "120"]
[EventDate "1994.??.??"]

{2/(3)} 1. d4 d5 2. c4 e6 3. cxd5 exd5 4. Nf3 Be7 5. Nc3 c6 6. Qc2 g6 7. e4
dxe4 8. Nxe4 Bf5 9. Bd3 Bxe4 10. Bxe4 Bb4+ 11. Bd2 Bxd2+ 12. Qxd2 Nf6 13. Bd3
O-O 14. O-O Nbd7 15. Rfe1 Nd5 16. Re2 Qf6 17. Ne5 Rfd8 18. g3 Nf8 19. Rae1 Ne6
20. Bc4 Rd6 21. Bxd5 cxd5 22. Re3 Rf8 23. Qb4 Rb6 24. Qd2 Qd8 25. h4 Ng7 26.
Rf3 Re6 27. Qb4 Qe7 28. Qxe7 Rxe7 29. Kf1 Nf5 30. Rd3 Rc8 31. g4 Nxh4 32. Rde3
f6 33. Nd3 Rxe3 34. fxe3 Rc2 35. Re2 Rxe2 36. Kxe2 Kf7 37. Nf4 f5 38. gxf5 Nxf5
39. Nxd5 Ke6 40. Nf4+ Kd6 41. Nd3 Kd5 42. b3 b6 43. Kf3 Nxd4+ 44. exd4 Kxd4 45.
Nf4 Kc3 46. Ke3 Kb2 47. Kd2 g5 48. Nh5 Kxa2 49. Kc2 g4 50. Ng3 a5 51. Nh5 b5
52. Ng3 b4 53. Ne2 h5 54. Nc1+ Ka3 55. Ne2 h4 56. Nf4 a4 57. bxa4 Ka2 58. a5
b3+ 59. Kd2 b2 60. Ne2 h3 0-1

[Event "Romulus (RVO/2/2)"]
[Site "?"]
[Date "1994.??.??"]
[Round "?"]
[White "Ward, Tim"]
[Black "Brooks, John"]
[Result "0-1"]
[WhiteElo "1870"]
[BlackElo "2225"]
[PlyCount "56"]
[EventDate "1994.??.??"]

{2/(2)} 1. d4 Nf6 2. c4 e6 3. Nc3 Bb4 4. f3 d5 5. a3 Bxc3+ 6. bxc3 c5 7. e3 Qa5
8. Bd2 O-O 9. cxd5 exd5 10. c4 Qc7 11. cxd5 cxd4 12. e4 Re8 13. Rc1 Qd8 14. Ne2
d3 15. Nc3 Na6 16. Bxd3 Nxd5 17. O-O Ndc7 18. Bf4 Ne6 19. Bg3 Qa5 20. Bxa6 Qxa6
21. Nd5 Qxa3 22. Rc3 Qa5 23. Qc1 Bd7 24. Rd1 Bc6 25. Bf2 Ba4 26. Rd4 Nxd4 27.
Bxd4 Qd8 28. Ra3 Bc6 0-1

[Event "Detroit (MI Op/1a/17)"]
[Site "?"]
[Date "1994.??.??"]
[Round "?"]
[White "Ward, Tim"]
[Black "Bailey, Greg"]
[Result "1-0"]
[WhiteElo "1860"]
[BlackElo "2095"]
[PlyCount "97"]
[EventDate "1994.??.??"]

1. d4 Nf6 2. c4 g6 3. Nc3 Bg7 4. e4 d6 5. f3 O-O 6. Be3 e5 7. d5 Nh5 8. Qd2 f5
9. exf5 gxf5 10. Bd3 f4 11. Bf2 Bf5 12. Bxf5 Rxf5 13. g4 fxg3 14. hxg3 Qg5 15.
g4 Nf4 16. gxf5 Bh6 17. Rxh6 Qxh6 18. O-O-O Nd3+ 19. Kb1 Qxd2 20. Rxd2 Nxf2 21.
Rxf2 Nd7 22. Rg2+ Kf7 23. Ne4 Rh8 24. Nh3 h6 25. Rg6 Nf8 26. Rg3 Nd7 27. Nhf2
b6 28. Rg6 Nf8 29. Rf6+ Ke7 30. Ng4 h5 31. Rh6 Rxh6 32. Nxh6 Nh7 33. Kc1 Nf6
34. Kd2 Nxe4+ 35. fxe4 Kf6 36. Ke3 Kg7 37. Ng8 Kxg8 38. Kf3 Kg7 39. Kg3 Kh7 40.
Kh4 Kh6 41. a3 a6 42. a4 Kg7 43. Kxh5 Kf6 44. Kh6 Ke7 45. Kh7 Kf8 46. Kg6 Kg8
47. f6 a5 48. b3 Kf8 49. f7 1-0

[Event "Flint (MI Senior/4/4)"]
[Site "?"]
[Date "1994.??.??"]
[Round "?"]
[White "Waltz, Glenn"]
[Black "Thurman, John"]
[Result "0-1"]
[WhiteElo "1605"]
[BlackElo "1785"]
[PlyCount "90"]
[EventDate "1994.??.??"]

{4/(4)} 1. d4 Nf6 2. c4 e6 3. Nc3 Bb4 4. Qc2 d5 5. e3 O-O 6. Bd3 c5 7. Nf3 Nc6
8. a3 cxd4 9. exd4 dxc4 10. Bxc4 Nxd4 11. Nxd4 Qxd4 12. Be2 Bxc3+ 13. bxc3 Qe4
14. Qxe4 Nxe4 15. Bb2 Bd7 16. f3 Nc5 17. Rd1 Ba4 18. Rd4 Rad8 19. O-O e5 20.
Rxd8 Rxd8 21. Bc1 Nd3 22. Be3 b6 23. Bd1 Nb2 24. Bxa4 Nxa4 25. c4 Rd3 26. Bc1
Nc5 27. Bb2 f6 28. h3 h5 29. h4 Kf7 30. Rc1 Na4 31. Ba1 Rxa3 32. Kh2 Rd3 33.
Kg1 Nc5 34. Bc3 Nb3 35. Rc2 Nd4 36. Bxd4 exd4 37. Kf2 Rc3 38. Rxc3 dxc3 39. Ke2
Ke6 40. Kd3 Kd6 41. Kxc3 Kc5 42. g3 a5 43. Kb3 f5 44. f4 g6 45. Kc3 a4 0-1

[Event "Flint (MI Senior/3/6)"]
[Site "?"]
[Date "1994.??.??"]
[Round "?"]
[White "Waltz, Glenn"]
[Black "Swartz, J."]
[Result "1-0"]
[WhiteElo "1605"]
[BlackElo "1630"]
[PlyCount "69"]
[EventDate "1994.??.??"]

{3/(6)} 1. e4 c5 2. Nf3 d6 3. d4 cxd4 4. Nxd4 Nf6 5. Nc3 a6 6. f4 e5 7. Nb3 Bg4
8. Be2 Bxe2 9. Qxe2 Be7 10. Be3 Nc6 11. O-O-O Qc8 12. f5 b5 13. a3 O-O 14. g4
b4 15. Nd5 Nxd5 16. exd5 Nd4 17. Bxd4 bxa3 18. bxa3 exd4 19. Qxe7 Re8 20. Qxd6
Qc3 21. Rd3 Re1+ 22. Rxe1 Qxe1+ 23. Rd1 Qe3+ 24. Kb1 Qe2 25. Rd2 Qe1+ 26. Ka2
a5 27. a4 Qe8 28. Qc6 Qd8 29. Qc4 Rb8 30. Rxd4 Rb4 31. Qd3 Rb8 32. d6 Qd7 33.
Rc4 Rb4 34. Rxb4 axb4 35. Nc5 1-0